000 005700000a22002050004500
001 10804
020 _a84-206-1041-0
041 0 _aSPA
082 0 4 _aG 572.9 F8891t
100 1 _aFreud, Sigmund (1856-1939)
245 1 0 _aTótem y tabú / Sigmund Freud ; Luis López Ballesteros y de Torres, Traductor
250 _a13
260 _aMadrid, España : Alianza
300 _a230 Pag
500 _aTítulo original : Totem und tabu
942 _cBK
999 _c40247
_d40247
336 _atexto
_btxt
_2rdacontent
337 _2rdamedia
_asin mediación
_bn
338 _2rdacarrier
_avolumen
_bnc